Statistics for Scottish Football Honours (1950-present)

Click here to take the quiz!

General Stats

  • This quiz has been taken 101 times
  • The average score is 14 of 20

Answer Stats

Club% Correct
Celtic
98%
Rangers
98%
Aberdeen
96%
Dundee
93%
Heart of Midlothian
91%
Hibernian
90%
St Johnstone
81%
Dundee United
79%
Inverness CT
75%
Motherwell
72%
Kilmarnock
69%
St Mirren
65%
Dunfermline Athletic
60%
Falkirk
60%
Partick Thistle
60%
Livingston
58%
Ross County
58%
Raith Rovers
48%
Clyde
38%
East Fife
25%

Score Distribution

Percentile by Number Answered

Percent of People with Each Score

Your Score History

You have not taken this quiz